000 00374nam a2200181Ia 4500
100 _aJackson/John David
650 _aelectrodynamics
250 _a3
942 _cBK
366 _f27
654 _aelectrodynamics
245 _aClassical electrodynamics
260 _bWiley
_c1999
082 _bJAC
300 _a808
546 _aENGLISH
_cInfo.Tech
999 _c29869
_d29869